| 000 | 00592nam a22002051cc4500 | ||
|---|---|---|---|
| 001 | a987691284+Band3 | ||
| 035 | _aa987691284 | ||
| 008 | 060418s1993 gw a||| 000u ger d | ||
| 041 | _ager | ||
| 245 | 0 | 4 |
_aDer Nationalsozialismus _nBand 3 _pDas bittere Ende : 1939-1945 |
| 250 | _a1. Aufl | ||
| 264 |
_aMünchen, _c1993 |
||
| 300 | _a456 S. : zahlr. Ill | ||
| 700 | 1 |
_aHampel, Johannes _eHerausgeberIn _916616 |
|
| 246 | 1 | 2 |
_aDer Nationalsozialismus. Das bittere Ende : 1939-1945 _nBand 3 |
| 773 | 0 | 8 |
_wa987691284 _qBand3 |
| 942 | _cMG | ||
| 040 | _cRU-10907106 | ||
| 003 | RU-10907106 | ||
| 999 |
_c40732 _d40732 |
||